000 00884nam a22001577a 4500
003 OSt
005 20151112152141.0
008 151112b xxu||||| |||| 00| 0 eng d
040 _cRUA
082 _aFOR CHA 2005 B132 Or.1
100 _93617
_aCHEA, SOPHEAK.
245 _aStudy on the kinds of resin tree and its price in market at the natural protection area of chi oark community rommony commune povieng district phreah vihear proving, ការសិក្សាលើប្រភេទឈើផ្តល់ជ័រ និងតំលៃរបស់វានៅក្នុងសហគមន៏ តំបន់ការពារធម្មជាតិ ជីឱកបឹងប្រីយ៏ ឃុំរមណីយ ស្រុករវៀង ខេត្តព្រះវិហារ
260 _aPhnom Penh
_bRUA
_c2005
300 _ax; 57p.
_bill.
_c29cm.
942 _2ddc
_cFOR
999 _c3369
_d3369